000 01084cad a22002175a 4500
001 L153907
008 110919e20110919 d f s i000 0 eng d
035 _a(Sirsi) u153907
041 0 _aeng
110 2 _aEurostat
_91416
245 0 0 _aConstruction output up by 1.4% in euro area
_h[electronic resource]
260 _c2011
490 0 _aEurostat News Release
_v(135/2011) 19 September 2011
520 _aIn the construction sector, seasonally adjusted production rose by 1.4% in the euro area and by 0.3% in the EU27 in July 2011, compared with the previous month. In June, production decreased by 1.3% in the euro area and by 1.1% in the EU27. Compared with July 2010, output in July 2011 increased by 1.2% in the euro area and by 0.2% in the EU27.
590 _aKA
650 2 4 _aEUROSTAT MONTHLY CONSTRUCTION INDEX
651 4 _aEurope
690 _aBUILT ENVIRONMENT-CONSTRUCTION MARKET
856 4 0 _uhttps://epp.eurostat.ec.europa.eu/cache/ITY_PUBLIC/4-19092011-AP/EN/4-19092011-AP-EN.PDF
_zView the item free of charge at http://epp.eurostat.ec.europa.eu
942 _n0
999 _c112761
_d112761